Football : Liste Argentine Copa America 2024 - Statistiques

Statistiques générales
  • Ce quiz a été pris 87 fois
  • Le résultat moyen est 18 sur 26
Statistiques - réponses
Club Poste Joueur % Correct
Aston Villa Gardien Martinez
100%
Manchester United Défenseur central Martinez
100%
Inter Milan Attaquant de pointe Martinez
100%
Inter Miami Ailier Messi
94%
Manchester City Attaquant de pointe Alvarez
88%
Atletico Madrid Milieu De Paul
87%
Manchester United Ailier Garnacho
84%
Benfica Défenseur central Otamendi
84%
Tottenham Défenseur central Romero
84%
Liverpool Milieu Mac Allister
81%
Chelsea Milieu Fernandez
79%
OL Latéral gauche Tagliafico
75%
Benfica Ailier Di Maria
72%
Atletico Madrid Latéral droit Molina
70%
Ajax Amsterdam Gardien Rulli
70%
FC Séville Latéral gauche Acuna
69%
As Rome Milieu Paredes
64%
Bayer Leverkusen Milieu Palacios
61%
FC Séville Latéral droit Montiel
55%
Tottenham Milieu Lo Celso
48%
Real Betis Milieu défensif Rodriguez
46%
River Plate Gardien Armani
39%
Fiorentina Ailier Gonzalez
37%
Real Betis Défenseur central Pezzela
27%
Inter Milan Milieu offensif Carboni
24%
Fiorentina Défenseur central Quarta
22%
Aucun quiz correspondant
Distribution des résultats
% des personnes avec chaque résultat
Percentile par nombre de réponses
Votre historique - résultats
Vous n’avez pas pris ce quiz